[Event "Mexican op 54th"]
[Site "Aguascalientes"]
[Date "2008.03.20"]
[Round "4"]
[White "Delgado Ramirez, Neuris"]
[Black "Borges Matos, Juan R"]
[Result "1/2-1/2"]
[WhiteElo "2546"]
[BlackElo "2448"]
[PlyCount "101"]
[EventDate "2008.03.18"]
[EventType "swiss"]
[EventRounds "9"]
[EventCountry "MEX"]
[SourceTitle "CBM 123 Extra"]
[Source "ChessBase"]
[SourceDate "2008.05.06"]
[SourceVersion "1"]
[SourceVersionDate "2008.05.06"]
[SourceQuality "1"]

1. e4 c5 2. Nf3 e6 3. d4 cxd4 4. Nxd4 Nc6 5. Nc3 Qc7 6. a3 Nf6 7. Be3 a6 8. Nb3
b5 9. Bd3 Ne5 10. f4 Nc4 11. Bxc4 Qxc4 12. Qd3 Rb8 13. O-O-O Bb7 14. Bd4 Qxd3
15. cxd3 Be7 16. Na5 Ba8 17. b4 d6 18. Kb2 Kd7 19. Rc1 Bd8 20. Nb3 Bb6 21. Bxb6
Rxb6 22. h3 h5 23. g3 Rg8 24. Rhf1 Ke7 25. Ne2 Rc6 26. Ned4 Rcc8 27. Na5 Kd7
28. Ra1 Rc7 29. a4 bxa4 30. Rxa4 Rb8 31. Rc1 Rxc1 32. Kxc1 Ne8 33. Kd2 Nc7 34.
Nc4 f6 35. f5 exf5 36. Nxf5 Bc6 37. Ra1 g6 38. Nfxd6 Rxb4 39. g4 hxg4 40. hxg4
Ke6 41. g5 fxg5 42. Rg1 Ne8 43. Rxg5 Kf6 44. Rc5 Bd7 45. Ra5 Ra4 46. Nxe8+ Bxe8
47. Rd5 Bf7 48. Rd6+ Ke7 49. Rc6 Bxc4 50. dxc4 Kd7 51. Rxg6 1/2-1/2

[Event "Mexican op 54th"]
[Site "Aguascalientes"]
[Date "2008.03.21"]
[Round "5"]
[White "Cordova, Emilio"]
[Black "Delgado Ramirez, Neuris"]
[Result "1/2-1/2"]
[WhiteElo "2493"]
[BlackElo "2546"]
[PlyCount "71"]
[EventDate "2008.03.18"]
[EventType "swiss"]
[EventRounds "9"]
[EventCountry "MEX"]
[SourceTitle "CBM 123 Extra"]
[Source "ChessBase"]
[SourceDate "2008.05.06"]
[SourceVersion "1"]
[SourceVersionDate "2008.05.06"]
[SourceQuality "1"]

1. d4 d5 2. Nf3 Nf6 3. c4 e6 4. g3 Bb4+ 5. Bd2 Be7 6. Bg2 O-O 7. O-O c6 8. Qc2
Nbd7 9. Bf4 a5 10. Nbd2 Nh5 11. Be3 b6 12. Rfd1 Nhf6 13. Bf4 Ba6 14. e4 Nxe4
15. Nxe4 dxe4 16. Ne5 Nxe5 17. dxe5 Qc7 18. Bxe4 h6 19. Qe2 Rfd8 20. b3 Rxd1+
21. Rxd1 Rd8 22. Rxd8+ Bxd8 23. Qf3 c5 24. h4 b5 25. cxb5 Bxb5 26. Bc2 Qc6 27.
Qxc6 Bxc6 28. Be3 Be7 29. Kf1 Bb5+ 30. Ke1 c4 31. Bd2 cxb3 32. axb3 Bd8 33. h5
Bc7 34. Bc3 Bb6 35. g4 Be8 36. g5 1/2-1/2

[Event "Mexican op 54th"]
[Site "Aguascalientes"]
[Date "2008.03.21"]
[Round "6"]
[White "Delgado Ramirez, Neuris"]
[Black "Almeida Saenz, Alfonso"]
[Result "1-0"]
[WhiteElo "2546"]
[BlackElo "2426"]
[PlyCount "79"]
[EventDate "2008.03.18"]
[EventType "swiss"]
[EventRounds "9"]
[EventCountry "MEX"]
[SourceTitle "CBM 123 Extra"]
[Source "ChessBase"]
[SourceDate "2008.05.06"]
[SourceVersion "1"]
[SourceVersionDate "2008.05.06"]
[SourceQuality "1"]

1. e4 c5 2. Nf3 g6 3. c3 Bg7 4. d4 cxd4 5. cxd4 d5 6. e5 Nc6 7. Bb5 Bd7 8. Nc3
a6 9. Bxc6 Bxc6 10. h4 f6 11. h5 Qd7 12. Qe2 Qe6 13. O-O fxe5 14. dxe5 gxh5 15.
Rd1 Nh6 16. Ng5 Qg4 17. f3 Qf5 18. f4 O-O-O 19. Qxh5 d4 20. Ne2 d3 21. Ng3 Qd7
22. Be3 Kb8 23. Rd2 Rhg8 24. Rad1 Qd5 25. b3 Bb5 26. Qf3 Qd7 27. Bf2 Bxe5 28.
fxe5 Rxg5 29. Qe3 Rdg8 30. Rc1 Bc6 31. Rxd3 Rxg3 32. Bxg3 Qe6 33. Rxc6 bxc6 34.
Qb6+ Kc8 35. Qxa6+ Kc7 36. Qa7+ Kc8 37. Rd7 Qxd7 38. Qa8+ Kc7 39. e6+ Kb6 40.
Bf2+ 1-0

[Event "Mexican op 54th"]
[Site "Aguascalientes"]
[Date "2008.03.22"]
[Round "7"]
[White "De la Paz Perdomo, Frank"]
[Black "Delgado Ramirez, Neuris"]
[Result "1/2-1/2"]
[WhiteElo "2441"]
[BlackElo "2546"]
[PlyCount "52"]
[EventDate "2008.03.18"]
[EventType "swiss"]
[EventRounds "9"]
[EventCountry "MEX"]
[SourceTitle "CBM 123 Extra"]
[Source "ChessBase"]
[SourceDate "2008.05.06"]
[SourceVersion "1"]
[SourceVersionDate "2008.05.06"]
[SourceQuality "1"]

1. e4 c5 2. Nf3 d6 3. d4 cxd4 4. Nxd4 Nf6 5. Nc3 Nc6 6. Bg5 e6 7. Qd2 a6 8.
O-O-O h6 9. Be3 Bd7 10. f3 b5 11. g4 Ne5 12. Bd3 Qc7 13. Kb1 g6 14. h4 Nc4 15.
Bxc4 Qxc4 16. g5 hxg5 17. Bxg5 Nh7 18. Bh6 b4 19. Nce2 Bxh6 20. Qxh6 e5 21. b3
Qc5 22. h5 O-O-O 23. hxg6 fxg6 24. Qg7 Rdg8 25. Qe7 Re8 26. Qg7 Reg8 1/2-1/2

[Event "Mexican op 54th"]
[Site "Aguascalientes"]
[Date "2008.03.22"]
[Round "8"]
[White "Delgado Ramirez, Neuris"]
[Black "Mitkov, Nikola"]
[Result "0-1"]
[WhiteElo "2546"]
[BlackElo "2538"]
[PlyCount "134"]
[EventDate "2008.03.18"]
[EventType "swiss"]
[EventRounds "9"]
[EventCountry "MEX"]
[SourceTitle "CBM 123 Extra"]
[Source "ChessBase"]
[SourceDate "2008.05.06"]
[SourceVersion "1"]
[SourceVersionDate "2008.05.06"]
[SourceQuality "1"]

1. e4 e5 2. Nf3 Nc6 3. Bb5 Nf6 4. Qe2 Bc5 5. c3 O-O 6. d3 Re8 7. Bg5 h6 8. Bh4
d6 9. Nbd2 Bd7 10. Ba4 Ne7 11. Bxd7 Nxd7 12. Nc4 Nf8 13. O-O Qd7 14. Rad1 Neg6
15. Bg3 a6 16. Qc2 Ba7 17. Ne3 Bxe3 18. fxe3 Qe6 19. Nd2 Nd7 20. c4 c6 21. d4
d5 22. exd5 cxd5 23. e4 dxc4 24. d5 Qb6+ 25. Bf2 Qc7 26. Qxc4 Rac8 27. Rc1 Qxc4
28. Rxc4 b5 29. Rc6 Nb8 30. Rc5 Rxc5 31. Bxc5 Nd7 32. b4 Nf4 33. Nb3 f5 34. d6
fxe4 35. Nd2 e3 36. Bxe3 Nd5 37. Bc5 e4 38. Re1 e3 39. Nf1 e2 40. Ne3 Nxb4 41.
Bxb4 Rxe3 42. Kf2 Re4 43. a3 Kf7 44. Rxe2 Rxe2+ 45. Kxe2 Ke6 46. Ke3 Ne5 47.
Kd4 a5 48. d7 axb4 49. d8=N+ Kd6 50. axb4 Nd7 51. Ke4 Nf6+ 52. Kf5 Nd5 53. Kg6
Nxb4 54. Nb7+ Kd5 55. Na5 Nc6 56. Nb3 Kc4 57. Nd2+ Kc3 58. Ne4+ Kd4 59. Nd2 Kc3
60. Ne4+ Kd4 61. Nd2 b4 62. Kxg7 Na5 63. g4 Kd3 64. Nb1 Nc4 65. Kf6 Ne3 66. g5
hxg5 67. Kxg5 Ng2 0-1

[Event "Mexican op 54th"]
[Site "Aguascalientes"]
[Date "2008.03.23"]
[Round "9"]
[White "Gonzalez Mata, Jesus"]
[Black "Delgado Ramirez, Neuris"]
[Result "0-1"]
[WhiteElo "2282"]
[BlackElo "2546"]
[PlyCount "62"]
[EventDate "2008.03.18"]
[EventType "swiss"]
[EventRounds "9"]
[EventCountry "MEX"]
[SourceTitle "CBM 123 Extra"]
[Source "ChessBase"]
[SourceDate "2008.05.06"]
[SourceVersion "1"]
[SourceVersionDate "2008.05.06"]
[SourceQuality "1"]

1. e4 c5 2. Nf3 d6 3. d4 cxd4 4. Nxd4 Nf6 5. Nc3 a6 6. f4 Qc7 7. Bd3 Nc6 8. Nf3
g6 9. O-O Bg7 10. Kh1 Bg4 11. Qe1 Bxf3 12. Rxf3 e6 13. Bd2 Nd7 14. Qh4 h6 15.
f5 Nce5 16. fxe6 fxe6 17. Qh3 O-O-O 18. Qxe6 Rde8 19. Qh3 Nxf3 20. Nd5 Nxd2 21.
Nxc7 Kxc7 22. Rd1 Nxe4 23. Bxe4 Rxe4 24. Qd3 Re6 25. Qc4+ Nc5 26. b4 Rhe8 27.
g3 b5 28. Qf4 Rf6 29. Qc1 Ne4 30. Re1 Rf2 31. c4 Bb2 0-1

[Event "Capablanca Memorial op 43rd"]
[Site "Havana"]
[Date "2008.05.08"]
[Round "1"]
[White "Kiss, Pal"]
[Black "Delgado Ramirez, Neuris"]
[Result "1/2-1/2"]
[WhiteElo "2370"]
[BlackElo "2530"]
[PlyCount "29"]
[EventDate "2008.05.08"]
[EventType "swiss"]
[EventRounds "10"]
[EventCountry "CUB"]
[SourceTitle "CBM 124 Extra"]
[Source "ChessBase"]
[SourceDate "2008.07.03"]
[SourceVersion "1"]
[SourceVersionDate "2008.07.03"]
[SourceQuality "1"]

1. d4 d5 2. c4 Nc6 3. Nc3 Nf6 4. Nf3 dxc4 5. e4 Bg4 6. Be3 e6 7. Bxc4 Bb4 8.
Qc2 O-O 9. Rd1 Qe7 10. Be2 Bh5 11. O-O Bg6 12. Nh4 Bh5 13. Nf3 Bg6 14. Nh4 Bh5
15. Nf3 1/2-1/2

[Event "Capablanca Memorial op 43rd"]
[Site "Havana"]
[Date "2008.05.09"]
[Round "2"]
[White "Delgado Ramirez, Neuris"]
[Black "Pazos Gambarrotti, Plinio"]
[Result "1-0"]
[WhiteElo "2530"]
[BlackElo "2361"]
[PlyCount "45"]
[EventDate "2008.05.08"]
[EventType "swiss"]
[EventRounds "10"]
[EventCountry "CUB"]
[SourceTitle "CBM 124 Extra"]
[Source "ChessBase"]
[SourceDate "2008.07.03"]
[SourceVersion "1"]
[SourceVersionDate "2008.07.03"]
[SourceQuality "1"]

1. e4 e6 2. d4 d5 3. Nd2 c5 4. Ngf3 Nc6 5. Bb5 Nf6 6. exd5 Qxd5 7. c4 Qd6 8.
dxc5 Qxc5 9. a3 Bd7 10. b4 Qb6 11. Bb2 Be7 12. Ba4 O-O 13. O-O Qc7 14. Rc1 Rad8
15. Qc2 Nb8 16. Bb3 h6 17. Ba2 b6 18. Bb1 g6 19. Ne5 Be8 20. Qc3 Nc6 21. Ndf3
Nd4 22. Nxd4 Qxe5 23. Nc6 1-0

[Event "Capablanca Memorial op 43rd"]
[Site "Havana"]
[Date "2008.05.10"]
[Round "3"]
[White "Barrientos Chavarriaga, Sergio E"]
[Black "Delgado Ramirez, Neuris"]
[Result "0-1"]
[WhiteElo "2405"]
[BlackElo "2530"]
[PlyCount "62"]
[EventDate "2008.05.08"]
[EventType "swiss"]
[EventRounds "10"]
[EventCountry "CUB"]
[SourceTitle "CBM 124 Extra"]
[Source "ChessBase"]
[SourceDate "2008.07.03"]
[SourceVersion "1"]
[SourceVersionDate "2008.07.03"]
[SourceQuality "1"]

1. e4 c5 2. Nf3 d6 3. d4 cxd4 4. Nxd4 Nf6 5. Nc3 e6 6. g4 h6 7. g5 hxg5 8. Bxg5
Nc6 9. Qd2 Qb6 10. Nb3 a6 11. O-O-O Bd7 12. h4 Qc7 13. Be2 b5 14. Rhe1 Be7 15.
f4 b4 16. Nd5 exd5 17. exd5 Na5 18. Qxb4 Nxb3+ 19. axb3 a5 20. Qd4 Qa7 21. Qc3
Rc8 22. Bc4 Kf8 23. Rd2 a4 24. Rde2 Bd8 25. Qb4 axb3 26. Bxb3 Kg8 27. Qa3 Qxa3
28. bxa3 Bf5 29. Kb2 Ba5 30. Rb1 Bc3+ 31. Kc1 Ne4 0-1

[Event "Capablanca Memorial op 43rd"]
[Site "Havana"]
[Date "2008.05.11"]
[Round "4"]
[White "Delgado Ramirez, Neuris"]
[Black "Stamenkovic, Dragan"]
[Result "1/2-1/2"]
[WhiteElo "2530"]
[BlackElo "2440"]
[PlyCount "71"]
[EventDate "2008.05.08"]
[EventType "swiss"]
[EventRounds "10"]
[EventCountry "CUB"]
[SourceTitle "CBM 124 Extra"]
[Source "ChessBase"]
[SourceDate "2008.07.03"]
[SourceVersion "1"]
[SourceVersionDate "2008.07.03"]
[SourceQuality "1"]

1. e4 c5 2. Nf3 Nc6 3. Bb5 g6 4. Bxc6 dxc6 5. d3 Bg7 6. Nbd2 Nf6 7. a4 a5 8. h3
O-O 9. O-O Nd7 10. Nc4 e5 11. Be3 Qe7 12. Qd2 b6 13. Bh6 Ba6 14. Bxg7 Kxg7 15.
b3 Bxc4 16. bxc4 Rae8 17. Qc3 Qd6 18. Rfe1 f6 19. Rab1 Rf7 20. Nh4 Rb8 21. Re3
Kf8 22. Qa3 Ke7 23. c3 Nf8 24. Rb3 Kd7 25. g3 Kc7 26. Qb2 Rd7 27. Nf3 Ne6 28.
Kg2 Rdd8 29. Qb1 Qd7 30. Kh2 Rb7 31. Rb2 Qd6 32. Rd2 Kb8 33. Re1 Ka7 34. Red1
Rbd7 35. Rb2 Qc7 36. Rbd2 1/2-1/2

[Event "Capablanca Memorial op 43rd"]
[Site "Havana"]
[Date "2008.05.12"]
[Round "5"]
[White "Ossa, Orlando Jose"]
[Black "Delgado Ramirez, Neuris"]
[Result "0-1"]
[WhiteElo "2242"]
[BlackElo "2530"]
[PlyCount "74"]
[EventDate "2008.05.08"]
[EventType "swiss"]
[EventRounds "10"]
[EventCountry "CUB"]
[SourceTitle "CBM 124 Extra"]
[Source "ChessBase"]
[SourceDate "2008.07.03"]
[SourceVersion "1"]
[SourceVersionDate "2008.07.03"]
[SourceQuality "1"]

1. e4 c5 2. c3 Nf6 3. e5 Nd5 4. d4 cxd4 5. Nf3 Nc6 6. Bc4 Nb6 7. Bb3 d5 8. exd6
Qxd6 9. O-O Be6 10. Bxe6 Qxe6 11. Nxd4 Nxd4 12. Qxd4 Rd8 13. Qb4 Qc6 14. Na3 e5
15. Qb3 Bc5 16. Re1 O-O 17. Be3 Bxe3 18. Rxe3 Nd5 19. Rxe5 Nf4 20. Rg5 Qf6 21.
Qb5 Rd2 22. Rf5 Qh4 23. g3 Nh3+ 24. Kg2 Qg4 25. Nc4 a6 26. Qc5 b6 27. Nxb6 g6
28. Rf6 Ng5 29. Rf4 Qh3+ 30. Kg1 Rfd8 31. Re1 Ne6 32. Qe3 Nxf4 33. Qxf4 Rxb2
34. Nc4 Re2 35. Rb1 Rde8 36. Rf1 R2e4 37. Qc7 Rc8 0-1

[Event "Capablanca Memorial op 43rd"]
[Site "Havana"]
[Date "2008.05.13"]
[Round "6"]
[White "Guerra Mendez, Jose Angel"]
[Black "Delgado Ramirez, Neuris"]
[Result "0-1"]
[WhiteElo "2447"]
[BlackElo "2530"]
[PlyCount "128"]
[EventDate "2008.05.08"]
[EventType "swiss"]
[EventRounds "10"]
[EventCountry "CUB"]
[SourceTitle "CBM 124 Extra"]
[Source "ChessBase"]
[SourceDate "2008.07.03"]
[SourceVersion "1"]
[SourceVersionDate "2008.07.03"]
[SourceQuality "1"]

1. e4 c5 2. Nf3 d6 3. d4 cxd4 4. Nxd4 Nf6 5. Nc3 a6 6. g3 e5 7. Nb3 Be7 8. Bg2
Nbd7 9. a4 b6 10. O-O Bb7 11. Re1 O-O 12. Nd2 Rc8 13. Nf1 Nc5 14. Bg5 Ne6 15.
Bxf6 Bxf6 16. Ne3 Nd4 17. Ncd5 Bg5 18. c3 Bxe3 19. Nxe3 Ne6 20. Re2 Ng5 21. Nf5
d5 22. exd5 Qf6 23. Qd3 Rce8 24. g4 e4 25. Bxe4 g6 26. Ng3 Bc8 27. Bg2 Bxg4 28.
Rxe8 Rxe8 29. f4 Qxf4 30. Rf1 Qe5 31. Qd4 Qxd4+ 32. cxd4 Nh3+ 33. Bxh3 Bxh3 34.
Rf6 Rd8 35. Rxb6 Rxd5 36. Rxa6 Rxd4 37. Rb6 Rxa4 38. Kf2 Rc4 39. Ne2 Rc2 40.
Kg3 Rxe2 41. Kxh3 Kg7 42. b4 g5 43. b5 Rb2 44. Rb8 h5 45. b6 Rb3+ 46. Kg2 h4
47. h3 Kf6 48. Rb7 Kg6 49. Rb8 Kf5 50. b7 Kf4 51. Kf1 Kf3 52. Ke1 f6 53. Rf8
Rb1+ 54. Kd2 Rxb7 55. Rxf6+ Kg3 56. Rf5 Rg7 57. Ke2 Kxh3 58. Kf1 g4 59. Kg1 g3
60. Re5 Rd7 61. Re1 Kg4 62. Ra1 Rb7 63. Kf1 h3 64. Ra2 g2+ 0-1

[Event "Capablanca Memorial op 43rd"]
[Site "Havana"]
[Date "2008.05.14"]
[Round "7"]
[White "Delgado Ramirez, Neuris"]
[Black "Abreu Delgado, Aryam"]
[Result "1/2-1/2"]
[WhiteElo "2530"]
[BlackElo "2483"]
[PlyCount "126"]
[EventDate "2008.05.08"]
[EventType "swiss"]
[EventRounds "10"]
[EventCountry "CUB"]
[SourceTitle "CBM 124 Extra"]
[Source "ChessBase"]
[SourceDate "2008.07.03"]
[SourceVersion "1"]
[SourceVersionDate "2008.07.03"]
[SourceQuality "1"]

1. e4 c5 2. Nf3 d6 3. d4 cxd4 4. Nxd4 Nf6 5. Nc3 a6 6. g3 e5 7. Nde2 Be7 8. Bg2
b5 9. O-O Nbd7 10. h3 h5 11. Be3 O-O 12. a4 b4 13. Nd5 Nxd5 14. Qxd5 Rb8 15.
Nc1 Qc7 16. Qd1 Bb7 17. Nd3 Nf6 18. Bg5 Nxe4 19. Bxe7 Qxe7 20. Qxh5 Nd2 21.
Rfd1 Bxg2 22. Rxd2 Ba8 23. Kh2 Qf6 24. Qe2 g6 25. f4 e4 26. Nf2 Qxb2 27. Rad1
Qc3 28. Nxe4 Bxe4 29. Qxe4 b3 30. cxb3 Rxb3 31. Qd3 Re8 32. Qxc3 Rxc3 33. Rg2
Re6 34. Rd5 Kf8 35. h4 Ra3 36. Ra5 d5 37. Rxd5 Rxa4 38. f5 Rc6 39. fxg6 Rxg6
40. h5 Rf6 41. Rg5 Rb4 42. Rc2 Rb8 43. Kh3 Rfb6 44. Rc7 Rb5 45. Kh4 Rxg5 46.
Kxg5 Kg7 47. Ra7 Rb5+ 48. Kh4 a5 49. g4 Rc5 50. Ra6 Rb5 51. h6+ Kh7 52. g5 Rb4+
53. Kh5 Rb5 54. Kg4 Rb1 55. Rxa5 Rg1+ 56. Kf4 Rf1+ 57. Ke3 Kg6 58. Ra8 Rh1 59.
Kf4 Rh4+ 60. Kg3 Rh5 61. Rg8+ Kf5 62. Rg7 f6 63. gxf6 Kxf6 1/2-1/2

[Event "Capablanca Memorial op 43rd"]
[Site "Havana"]
[Date "2008.05.15"]
[Round "8"]
[White "Uribe, Mauricio"]
[Black "Delgado Ramirez, Neuris"]
[Result "0-1"]
[WhiteElo "2406"]
[BlackElo "2530"]
[PlyCount "86"]
[EventDate "2008.05.08"]
[EventType "swiss"]
[EventRounds "10"]
[EventCountry "CUB"]
[SourceTitle "CBM 124 Extra"]
[Source "ChessBase"]
[SourceDate "2008.07.03"]
[SourceVersion "1"]
[SourceVersionDate "2008.07.03"]
[SourceQuality "1"]

1. e4 c5 2. Nf3 Nc6 3. d4 cxd4 4. Nxd4 Nf6 5. Nc3 d6 6. Bg5 e6 7. Qd2 a6 8.
O-O-O Bd7 9. f4 b5 10. Bxf6 gxf6 11. Nxc6 Bxc6 12. Qe1 Ra7 13. Bd3 h5 14. Kb1
h4 15. Rf1 b4 16. Ne2 Qb6 17. f5 e5 18. Nc1 h3 19. g3 Bh6 20. Bc4 Ke7 21. Rf3
Rc7 22. Rfd3 Rd8 23. Qe2 Ba4 24. b3 Bxc1 25. Rxc1 Bb5 26. Bxb5 axb5 27. Qd2 Qa5
28. c4 bxc4 29. bxc4 Qa8 30. Rd5 Rb8 31. Qb2 Qa3 32. c5 Rxc5 33. Rcxc5 Qxb2+
34. Kxb2 dxc5 35. Rxc5 Rd8 36. Rc7+ Kf8 37. Rc2 Rd3 38. Re2 Kg7 39. Kc2 Rd4 40.
Re3 Kh6 41. g4 Kg5 42. Rxh3 Rxe4 43. Rh7 Rxg4 0-1

[Event "Capablanca Memorial op 43rd"]
[Site "Havana"]
[Date "2008.05.16"]
[Round "9"]
[White "Delgado Ramirez, Neuris"]
[Black "Alvarez Pedraza, Aramis"]
[Result "0-1"]
[WhiteElo "2530"]
[BlackElo "2420"]
[PlyCount "70"]
[EventDate "2008.05.08"]
[EventType "swiss"]
[EventRounds "10"]
[EventCountry "CUB"]
[SourceTitle "CBM 124 Extra"]
[Source "ChessBase"]
[SourceDate "2008.07.03"]
[SourceVersion "1"]
[SourceVersionDate "2008.07.03"]
[SourceQuality "1"]

1. e4 c5 2. Nf3 d6 3. d4 cxd4 4. Nxd4 Nf6 5. Nc3 g6 6. Be3 Bg7 7. Be2 O-O 8.
Qd2 Nc6 9. h4 d5 10. Nxc6 bxc6 11. e5 Ng4 12. Bxg4 Bxg4 13. Bh6 Bxe5 14. f3 Be6
15. Bxf8 Kxf8 16. Na4 Qd6 17. h5 Rb8 18. hxg6 hxg6 19. Rd1 Bc8 20. b3 Rb4 21.
c4 Bg7 22. Nb2 Rb8 23. Kf1 Ba6 24. Qa5 c5 25. Na4 Rc8 26. Rh3 Bd4 27. Nc3 dxc4
28. Rh8+ Kg7 29. Rxc8 cxb3+ 30. Nb5 bxa2 31. Rb8 Qc6 32. Qa4 Be5 33. Kf2 Bxb8
34. Nc3 Qxa4 35. Nxa4 Be5 0-1

[Event "Capablanca Memorial op 43rd"]
[Site "Havana"]
[Date "2008.05.17"]
[Round "10"]
[White "Delgado Ramirez, Neuris"]
[Black "Gongora Reyes, Maikel"]
[Result "1/2-1/2"]
[WhiteElo "2530"]
[BlackElo "2422"]
[PlyCount "117"]
[EventDate "2008.05.08"]
[EventType "swiss"]
[EventRounds "10"]
[EventCountry "CUB"]
[SourceTitle "CBM 124 Extra"]
[Source "ChessBase"]
[SourceDate "2008.07.03"]
[SourceVersion "1"]
[SourceVersionDate "2008.07.03"]
[SourceQuality "1"]

1. e4 e5 2. Nf3 Nc6 3. Bb5 Nf6 4. d3 Bc5 5. Be3 Bxe3 6. fxe3 d6 7. Nc3 O-O 8.
Qd2 Ne7 9. O-O c6 10. Bc4 Ng6 11. h3 Be6 12. Rad1 Qe7 13. Bb3 Rad8 14. Qf2 a6
15. Ne2 d5 16. exd5 cxd5 17. Nh4 Nd7 18. Nxg6 hxg6 19. Qg3 Rc8 20. Rd2 Rc6 21.
Nc3 Qd6 22. Kh2 b5 23. Rfd1 Nf6 24. Rf2 Rd8 25. a3 Rb8 26. Kg1 a5 27. Rdf1 b4
28. axb4 axb4 29. Ne2 Ra8 30. Qh4 Rca6 31. Ng3 Ra1 32. Rxa1 Rxa1+ 33. Rf1 Ra8
34. Ne2 Nd7 35. d4 e4 36. Nf4 Nf6 37. Rc1 Nh7 38. Qe1 g5 39. Ne2 f5 40. h4 gxh4
41. Qxh4 Bf7 42. Rf1 g6 43. g4 Qf6 44. Qg3 Ng5 45. Kg2 Nf3 46. Rh1 fxg4 47.
Qxg4 Qg5 48. Qxg5 Nxg5 49. Kg3 Nf3 50. Rd1 Kg7 51. Ng1 Nxg1 52. Rxg1 Be6 53.
Kf4 Kf6 54. Rg5 Rd8 55. Re5 Rd6 56. c3 bxc3 57. bxc3 Rd7 58. Ba2 Rd8 59. Bb3
1/2-1/2

[Event "Guillermo Garcia Memorial"]
[Site "Santa Clara"]
[Date "2008.05.19"]
[Round "1"]
[White "Delgado Ramirez, Neuris"]
[Black "Nogueiras Santiago, Jesus"]
[Result "0-1"]
[WhiteElo "2530"]
[BlackElo "2559"]
[PlyCount "94"]
[EventDate "2008.05.19"]
[EventType "tourn"]
[EventRounds "9"]
[EventCountry "CUB"]
[EventCategory "11"]
[SourceTitle "CBM 124 Extra"]
[Source "ChessBase"]
[SourceDate "2008.07.03"]
[SourceVersion "1"]
[SourceVersionDate "2008.07.03"]
[SourceQuality "1"]

1. e4 Nf6 2. e5 Nd5 3. d4 d6 4. c4 Nb6 5. exd6 exd6 6. Nc3 Nc6 7. Be3 Be7 8.
Bd3 O-O 9. b3 Re8 10. Nge2 Bg5 11. Bxg5 Qxg5 12. O-O Bf5 13. f4 Qg6 14. Bxf5
Qxf5 15. d5 Nb4 16. a3 Na6 17. Ng3 Qg6 18. Rf3 Nd7 19. b4 Nf6 20. Qd4 h5 21.
Raf1 Nb8 22. Nb5 Re7 23. Re3 Rxe3 24. Qxe3 Nbd7 25. Nxc7 Rf8 26. Nb5 h4 27. Nh1
Re8 28. Qf3 Ne4 29. f5 Qf6 30. Re1 Ne5 31. Qxe4 Nf3+ 32. gxf3 Rxe4 33. fxe4 a6
34. Nxd6 Qxd6 35. e5 Qh6 36. e6 Qg5+ 37. Kf1 Qxf5+ 38. Nf2 fxe6 39. dxe6 Kf8
40. e7+ Ke8 41. Re3 Qf4 42. Ke2 Qxh2 43. c5 g5 44. Kf1 Qf4 45. Ke2 g4 46. a4
Qc4+ 47. Kd1 Qxb4 0-1

[Event "Guillermo Garcia Memorial"]
[Site "Santa Clara"]
[Date "2008.05.20"]
[Round "2"]
[White "Hernandez Carmenates, Holden"]
[Black "Delgado Ramirez, Neuris"]
[Result "0-1"]
[WhiteElo "2568"]
[BlackElo "2530"]
[PlyCount "56"]
[EventDate "2008.05.19"]
[EventType "tourn"]
[EventRounds "9"]
[EventCountry "CUB"]
[EventCategory "11"]
[SourceTitle "CBM 124 Extra"]
[Source "ChessBase"]
[SourceDate "2008.07.03"]
[SourceVersion "1"]
[SourceVersionDate "2008.07.03"]
[SourceQuality "1"]

1. d4 d5 2. Nf3 e6 3. c4 Be7 4. g3 Nf6 5. Bg2 dxc4 6. O-O O-O 7. Qc2 a6 8. Qxc4
b5 9. Qc2 Bb7 10. Bd2 Nc6 11. e3 Nb4 12. Bxb4 Bxb4 13. a3 Bd6 14. Nbd2 Qe7 15.
Rfc1 Rfc8 16. e4 e5 17. Bh3 Rd8 18. d5 Nd7 19. Nb3 a5 20. Bxd7 Qxd7 21. Nc5
Bxc5 22. Qxc5 Rac8 23. Qa7 Ba8 24. Rc2 f5 25. Rac1 fxe4 26. Rxc7 exf3 27. Kf1
Rxc7 28. Rxc7 Qf5 0-1

[Event "Guillermo Garcia Memorial"]
[Site "Santa Clara"]
[Date "2008.05.21"]
[Round "3"]
[White "Delgado Ramirez, Neuris"]
[Black "Glud, Jakob Vang"]
[Result "1-0"]
[WhiteElo "2530"]
[BlackElo "2456"]
[PlyCount "71"]
[EventDate "2008.05.19"]
[EventType "tourn"]
[EventRounds "9"]
[EventCountry "CUB"]
[EventCategory "11"]
[SourceTitle "CBM 124 Extra"]
[Source "ChessBase"]
[SourceDate "2008.07.03"]
[SourceVersion "1"]
[SourceVersionDate "2008.07.03"]
[SourceQuality "1"]

1. e4 e5 2. Nf3 Nc6 3. Bb5 a6 4. Ba4 Nf6 5. Qe2 b5 6. Bb3 Bc5 7. d3 d6 8. c3 h6
9. O-O O-O 10. Be3 Bxe3 11. fxe3 Be6 12. Bc2 d5 13. exd5 Qxd5 14. Nbd2 Rad8 15.
e4 Qc5+ 16. Kh1 b4 17. Nb3 Bxb3 18. Bxb3 bxc3 19. Rac1 Nd4 20. Nxd4 exd4 21.
Rf5 Qb4 22. Rcf1 Kh7 23. e5 Nd7 24. bxc3 dxc3 25. R1f4 Qe7 26. d4 c5 27. Rxf7
Rxf7 28. Qe4+ Kh8 29. Rxf7 Rf8 30. Bc2 g6 31. Rxf8+ Qxf8 32. Kg1 cxd4 33. Qxg6
d3 34. Qxd3 Qc5+ 35. Kh1 Nf8 36. Qxa6 1-0

[Event "Guillermo Garcia Memorial"]
[Site "Santa Clara"]
[Date "2008.05.22"]
[Round "4"]
[White "Delgado Ramirez, Neuris"]
[Black "Quesada Perez, Yuniesky"]
[Result "0-1"]
[WhiteElo "2530"]
[BlackElo "2567"]
[PlyCount "80"]
[EventDate "2008.05.19"]
[EventType "tourn"]
[EventRounds "9"]
[EventCountry "CUB"]
[EventCategory "11"]
[SourceTitle "CBM 124 Extra"]
[Source "ChessBase"]
[SourceDate "2008.07.03"]
[SourceVersion "1"]
[SourceVersionDate "2008.07.03"]
[SourceQuality "1"]

1. e4 c5 2. Nf3 e6 3. d4 cxd4 4. Nxd4 Nc6 5. Nc3 Qc7 6. g3 a6 7. Bg2 d6 8. Nb3
Nf6 9. f4 Be7 10. Be3 b5 11. O-O Bb7 12. a3 O-O 13. g4 Rfe8 14. g5 Nd7 15. f5
Nce5 16. Nd4 Bf8 17. fxe6 fxe6 18. Qh5 Re7 19. Qh3 Rae8 20. Rad1 Nc4 21. Bc1
Qc5 22. Kh1 g6 23. Nce2 Bg7 24. c3 Qc8 25. b3 Ncb6 26. Qh4 Qa8 27. b4 d5 28.
Ng3 Nc4 29. exd5 Bxd5 30. Bxd5 exd5 31. Qh3 Nde5 32. Nge2 Nf7 33. Qg2 Nfd6 34.
Nf4 Re4 35. Nb3 Nf5 36. Nxd5 Nh4 37. Qf2 Rf8 38. Qc5 Rxf1+ 39. Rxf1 Re5 40. Rd1
Nb6 0-1